000
00336nam a2200145Ia 4500
008
150201s2006 xx 000 0 und d
082
_a
610.72
_b
R06I
100
_a
INDRANI , TK.
245
_a
RESEARCH METHODOLOGY FOR NURSES
250
_a
1ST
260
_b
JAYPEE
_a
DELHI
_c
2006
300
_a
58
650
_a
NURSING
942
_2
ddc
_c
BK
999
_c
2098
_d
2098